000 00726nam a2200241 a 4500
001 BRCA_3706
005 20190320204406.0
008 090909s195?----fr-a---###---#000-0#fre-#
041 _afre
044 _afr
050 4 _aNK2547
_b.M48 6
_c1959
245 1 0 _aMeubles et ensembles
_bRestauration Louis-Philippe
_cintroduction par Yvonne Brunhammer.
260 _aParis
_bCh. Massin
_c[1959]
300 _a1 v. (sin paginación)
_bil., 36 láminas
_c29 cm.
440 0 _aMeubles et ensembles
_v6
_99639
500 _aIncluye lista de láminas
500 _aB343
650 1 4 _aMuebles Luis Felipe
_99640
650 1 4 _aMuebles franceses
_99641
700 1 _aBrunhammer, Yvonne
_eintrod
_99642
902 _aGFM
942 _2lcc
_cB
999 _c3436
_d3436